Paroles Scellé Part.4 - Freeze Corleone, Ashe 22 - Statistiques

Statistiques générales
  • Ce quiz a été pris 10 fois
  • Le résultat moyen est 238 sur 495
Statistiques - réponses
Hint Réponse % Correct
****
100%
*********
100%
à
100%
a
100%
adorent
100%
b********
100%
bouc'
100%
d***
100%
Dieu
100%
ils
100%
Ils
100%
Couplet 1 (Freeze Corleone) J'crois
100%
le
100%
Le
100%
Intro S/o
100%
s/o
100%
4
80%
Amine
80%
as
80%
Flem
80%
je
80%
minimum
80%
que
80%
Que
80%
qu'en
80%
20-21
60%
22
60%
ai
60%
aime
60%
Aqua
60%
arrive
60%
Ashe
60%
au
60%
bang
60%
ça
60%
cadavres
60%
Chaque
60%
Corleone
60%
dans
60%
Dans
60%
d'cartes
60%
de
60%
déjouer
60%
des
60%
double
60%
doute
60%
échoué
60%
Ekip
60%
ekip
60%
elle
60%
et
60%
Et
60%
gamins
60%
j'ai
60%
J'ai
60%
la
60%
l'cash
60%
les
60%
ma
60%
migrants
60%
On
60%
on
60%
ont
60%
par
60%
partie
60%
party
60%
pas
60%
Pas
60%
passe
60%
prod'
60%
qui
60%
R.E.P
60%
Scellé
60%
scellé
60%
somme
60%
sous
60%
tous
60%
vie
60%
VVS
60%
aux
40%
avec
40%
bennes
40%
Benz
40%
beuh
40%
BM'
40%
brrr
40%
cartes
40%
c'est
40%
C'est
40%
Chen
40%
comme
40%
corbeaux
40%
d'Dieu
40%
d'eux
40%
Couplet 2 (Ashe 22) Drill
40%
échoués
40%
eh
40%
Elevé
40%
élevé
40%
enfants
40%
est
40%
être
40%
faire
40%
fait
40%
faut
40%
fibre
40%
fils
40%
Fnac
40%
gorilles
40%
grandi
40%
grandissent
40%
impossible
40%
instaure
40%
introuvables
40%
Jamais
40%
J'arrive
40%
j'arrive
40%
jouets
40%
l'4x4
40%
l'algorithme
40%
mais
40%
mes
40%
météorites
40%
mis
40%
n'est
40%
nous
40%
optique
40%
pack
40%
packs
40%
pâtes
40%
pays
40%
plan
40%
plus
40%
prix
40%
qu'mes
40%
raconte
40%
rappeurs
40%
réel
40%
riches
40%
riz
40%
roule
40%
sait
40%
sans
40%
sont
40%
stories
40%
s'y
40%
ta
40%
terrorise
40%
têtes
40%
théories
40%
torrides
40%
va
40%
vendu
40%
Vient
40%
vient
40%
vite
40%
vitesse
40%
voulaient
40%
y'a
40%
bacs
20%
balles
20%
bands
20%
besoin
20%
big
20%
Big
20%
billets
20%
Blindage
20%
blindé
20%
Bordeaux
20%
bordeaux
20%
business
20%
Cali
20%
catégorie
20%
cons'
20%
coup'
20%
crâne
20%
déjà
20%
Demi-tour
20%
Deux-deux
20%
deux-deux
20%
dis
20%
dix
20%
d'lean
20%
Dry
20%
d'travers
20%
du
20%
d'un
20%
d'voir
20%
fichier
20%
flash
20%
Freeze
20%
Fugazi
20%
gondoles
20%
Gris
20%
horrible
20%
J'effrite
20%
j'effrite
20%
J'en
20%
j'envoie
20%
j'esquive
20%
j'ouvre
20%
J'tache
20%
kilos
20%
laguer
20%
l'épicier
20%
leur
20%
l'g****
20%
lin
20%
litres
20%
l'labo
20%
l'stash
20%
main
20%
mal-fons'
20%
même
20%
milles
20%
mon
20%
nom
20%
Optim
20%
ordo'
20%
pactes
20%
papa
20%
pare-balles
20%
parpaings
20%
peu
20%
peuvent
20%
physiques
20%
piste
20%
Plusieurs
20%
produits
20%
qu'ils
20%
qu'tout
20%
raisons
20%
regard
20%
scellés
20%
shit
20%
shlass
20%
Sip'
20%
Sortez
20%
sortir
20%
tchop
20%
tellement
20%
t'es
20%
ton
20%
tri
20%
trois
20%
Tu
20%
tu
20%
un
20%
Un
20%
vautours
20%
v'la
20%
voient
20%
10g
0%
danser
0%
devant
0%
d'la
0%
donc
0%
envers
0%
Glock
0%
haine
0%
indics
0%
j'marrête
0%
joues
0%
kho
0%
l'bloc
0%
l'Pablo
0%
pisser
0%
poucave
0%
pour
0%
proc
0%
Retour
0%
Rotter'
0%
T'as
0%
traîné
0%
tu joues
0%
vas
0%
zayz
0%
Aucun quiz correspondant
Distribution des résultats
% des personnes avec chaque résultat
Percentile par nombre de réponses
Votre historique - résultats
Vous n’avez pas pris ce quiz